|
|
|
|
| LEADER |
00000cam a2200000 a 4500 |
| 001 |
74591 |
| 003 |
CZ-ZlUTB |
| 005 |
20240829153827.0 |
| 007 |
ta |
| 008 |
970709s1994 xxuab 001 0 eng |
| 020 |
|
|
|a 0256124531
|q (váz.)
|
| 040 |
|
|
|a ABA008
|b cze
|d ABA008
|d ZLD002
|
| 072 |
|
7 |
|a 005
|x Management. Řízení
|2 Konspekt
|9 4
|
| 072 |
|
7 |
|a 37.016
|x Učební osnovy. Vyučovací předměty. Učebnice
|2 Konspekt
|9 22
|
| 080 |
|
|
|a 005
|2 MRF
|
| 080 |
|
|
|a 005.6
|2 MRF
|
| 080 |
|
|
|a 005.332.4
|2 MRF
|
| 080 |
|
|
|a 005.311.6
|2 MRF
|
| 080 |
|
|
|a (075.8)
|2 MRF
|
| 100 |
1 |
|
|a Ivancevich, John M.,
|d 1939-2009
|7 vse2006327317
|4 aut
|
| 245 |
1 |
0 |
|a Management :
|b quality and competitiveness /
|c John M. Ivancevich, Peter Lorenzi, Steven J. Skinner ; with Philip B. Crosby
|
| 260 |
|
|
|a Burr Ridge, Illinois :
|b Irwin,
|c c1994
|
| 300 |
|
|
|a xxvii, 660 s. :
|b il., mapy ;
|c 28 cm
|
| 500 |
|
|
|a Terminologický slovník
|
| 504 |
|
|
|a Obsahuje bibliografii a rejstříky
|
| 650 |
0 |
7 |
|a management
|7 ph115217
|2 czenas
|
| 650 |
0 |
7 |
|a management jakosti
|7 ph115218
|2 czenas
|
| 650 |
0 |
7 |
|a konkurenceschopnost
|7 ph121800
|2 czenas
|
| 650 |
0 |
7 |
|a rozhodování
|7 ph125259
|2 czenas
|
| 650 |
0 |
9 |
|a management
|2 eczenas
|
| 650 |
0 |
9 |
|a quality control
|2 eczenas
|
| 650 |
0 |
9 |
|a competitiveness
|2 eczenas
|
| 650 |
0 |
9 |
|a decision making
|2 eczenas
|
| 655 |
|
7 |
|a učebnice vysokých škol
|7 fd133772
|2 czenas
|
| 655 |
|
9 |
|a textbooks (higher)
|2 eczenas
|
| 700 |
1 |
|
|a Skinner, Steven J.,
|d 1952-
|7 utb2014831664
|4 aut
|
| 700 |
1 |
|
|a Lorenzi, Peter
|7 utb2014831663
|4 aut
|
| 700 |
1 |
|
|a Crosby, Philip B.,
|d 1926-2001
|7 vse2006351612
|4 aut
|
| 910 |
|
|
|a ZLD002
|
| 952 |
|
|
|0 0
|1 0
|4 0
|6 005IVANCEVICHJM
|7 0
|8 BOOK
|9 130772
|a UTBZL
|b UTBZL
|c 010
|d 2014-11-21
|l 1
|m 9
|o 005/IVANCEVICH,J.M.
|p 420010156913
|q 2027-12-31
|r 2019-08-26 00:00:00
|v 2556.00
|w 2019-08-26
|x N:nákup;
|y 08
|
| 992 |
|
|
|a BK
|b SK
|d 1
|
| 998 |
|
|
|a 001201360
|
| 999 |
|
|
|c 74591
|d 74591
|